| 000 | 02604nas a2200325 i 4500 | ||
|---|---|---|---|
| 001 | 47601 | ||
| 003 | DR-UNIBE | ||
| 005 | 20260129102956.0 | ||
| 007 | ta | ||
| 008 | 260129e1989 dr |||p|r||||||0| | spa d | ||
| 040 |
_cBIBLIOTECA UNIBE _aBIBLIOTECA UNIBE _bspa _dDO-SdBNP _erda |
||
| 041 | _aspa | ||
| 110 | 2 |
_aUniversidad Iberoamericana (Santo Domingo, República Dominicana) _984319 |
|
| 245 | 0 | 0 |
_aUnibe informa : _bboletín / _cUniversidad Iberoamericana (UNIBE). |
| 264 |
_aSanto Domingo, República Dominicana : _bUniversidad Iberoamericana (UNIBE), _c1989. |
||
| 300 |
_avolumen : _bilustraciones, fotografías ; _c31 x 21 cm. |
||
| 310 | _aCuatrimestral. | ||
| 336 |
_atexto _btxt _2rdacontent |
||
| 337 |
_asin mediación _bn _2rdamedia |
||
| 338 |
_avolumen _bnc _2rdacarrier |
||
| 362 | 0 | _aVolumen 2, número 12 (1989) - volumen 10, número 1 (enero-abril 1996) - volumen 10, número 2 (mayo-agosto 1996) - volumen 10, número 3 (septiembre-diciembre 1996) - volumen 11, número 1 (enero-abril 1997) - volumen 11, números 2-3 (mayo-diciembre 1997) - volumen 12, número 2 (mayo-agosto 1998) - volumen 12, número 3 (septiembre-diciembre 1998) - volumen 13, número 1 (enero-abril 1999) - volumen 13, número 2 (mayo-agosto 1999) - volumen 13, número 3 (septiembre-diciembre 1999) - volumen 14, número 1 (enero-abril 2000) - volumen 14, número 2 (mayo-agosto 2000) - volumen 14, número 3 (septiembre-diciembre 2000) - volumen 15, número 1 (enero-abril 2001) - volumen 15, número 2 (mayo-agosto 2001) - volumen 15, número 3 (septiembre-diciembre 2001) - volumen 16, número 1 (enero-abril 2002) - volumen 16, números 2-3 (mayo-diciembre 2002) - volumen 17, números 1-2 (enero-agosto 2003) - volumen 17, número 3 (septiembre-diciembre 2003) - volumen 18, número 1 (enero-abril 2004) - volumen 18, número 2 (mayo-agosto 2004) - volumen 18, número 3 (septiembre-diciembre 2004) - volumen 19, números 1-2 (enero-agosto 2005) - volumen 19, número 3 (septiembre-diciembre 2005) - volumen 20, número 1 (enero-abril 2006) - volumen 20, número 2 (mayo-agosto 2006) - volumen 20, número 3 (septiembre-diciembre 2006) - volumen 21, número 1 (enero-abril 2007) | |
| 500 | _aCatalogación basada en el número: Volumen 2, número 12 (1989). | ||
| 650 | 7 |
_aUniversidades _zRepública Dominicana _95559 _2lemb |
|
| 650 | 7 |
_aEducación superior _zRepública Dominicana _92835 _2lemb |
|
| 650 | 7 |
_aCiencias sociales _2lemb _9177273 |
|
| 650 | 7 |
_aCultura _959608 _2lemb |
|
| 650 | 7 |
_aLiteratura _959609 _2lemb |
|
| 655 | 7 |
_aPublicaciones periódicas _959610 _2lemb |
|
| 942 |
_2ddc _cISSUE |
||
| 999 |
_c60156 _d60156 |
||